000 00242nam a22000857a 4500
008 160809b xxu||||| |||| 00| 0 eng d
100 _993
_aSharma S.K
245 _aSuper simplified science physics-IX
260 _aJalandar
_bS.Dinesh Publication
_c2013
999 _c2747
_d2747